000 01178naa a22003017a 4500
001 BR7802952
003 BR-BrBNA
005 20240918174100.0
007 ta
008 230509b bl.||||| |||| 00| 0 por d
040 _aBR-BrBNA
_bpor
_cBiblioteca Nacional de Agricultura
041 _a(Pt)
072 _aH10
_b0430
_b4020
_b3877
_bG514
090 _aH10 BR7802952
100 1 _aSantos, J.H.R. dos
100 1 _aVieira, F.V.
100 1 _aAlves, J.F.
245 1 _aInfluencia da aplicacao de inseticidas na epoca de ocorrencia do Oxycarenus hyalinipennis (Costa, 1847)sobre a producao de algodao moco na safra seguinte [percevejo, Brasil]
260 3 _aFortaleza, CE (Brasil):
_c1977.
500 _aConvenio SUDENE/UFC. Projeto de Pesquisa e Experimentacao com a Cultura Algodoeira Fortaleza, CE (Brasil): 1977. p. 19-24 (BR7802952-AM)H10
650 _aALGODAO MOCO
650 _aPERCEVEJO
650 _aINSETICIDA
650 _aRENDIMENTO
773 0 _tConvenio SUDENE/UFC. Projeto de Pesquisa e Experimentacao com a Cultura Algodoeira
_b
_wH10 BR7802952
_gFortaleza, CE (Brasil), 1977. p. 19-24
909 _a202404
_bLucia
_c55
_dLucia Elande
942 _cAM
_2AGRIS
999 _c308802
_d308802